000 00510nam a2200145Ia 4500
008 100204s9999 xx 000 0 und d
082 _b14442
100 _aशेणोलीकर हरि श्रीधर
245 _aमंत्राक्षरत्व
260 _b"मॅजेस्टिक प्रकाशन , मुंबई"
_c1990
300 _a119
630 _aमंत्राक्षरत्व
730 _aमंत्राक्षरत्व
942 _cBOOK
999 _c458873
_d458870